| 000 | 00355nam a2200121Ia 4500 | ||
|---|---|---|---|
| 008 | 250110s9999 xx 000 0 und d | ||
| 041 | _aeng | ||
| 100 |
_aMunot Divyyaa _9182579 |
||
| 245 | _aSchool Of Planning And Architecture Symbiosis Lavale | ||
| 260 |
_bFinal Year B. Arch, BNCA _c2014 |
||
| 300 | _a109p | ||
| 700 |
_aGuide Name:Divekar Asmita _9210254 |
||
| 999 |
_c363446 _d363446 |
||